000 00318nam a2200121 4500
999 _c508513
_d508513
082 _aL1 MADR/1960-61/A1
100 _aGovernment of Madras
_93308
245 _aAppendices to the budget speech, 1960-61
260 _aMadras
_bGovernment Press
_c1960
300 _a17p.
650 _aBudget - Madras
_93886
942 _2ddc